[Event "Blitz 2018"]
[Site "Saint-Petersburg"]
[Date "2018.12.30"]
[Round "17"]
[Board "54"]
[White "Levin Evgeny A. (RUS)"]
[Black "Grachev Boris (RUS)"]
[Result "1/2-1/2"]
[LiveChessVersion "1.4.8"]
[BlackElo "2571"]
[WhiteElo "2539"]

1. d4 {[%clk 0:03:02]} d5 {[%clk 0:03:04]} 2. c4 {[%clk 0:03:03]} e6
{[%clk 0:03:05]} 3. Nc3 a6 4. cxd5 {[%clk 0:03:01]} exd5 {[%clk 0:03:08]} 5. Qb3
{[%clk 0:03:02]} c5 {[%clk 0:03:09]} 6. Nxd5 {[%clk 0:02:57]} Nc6
{[%clk 0:02:52]} 7. Nf3 {[%clk 0:02:37]} cxd4 {[%clk 0:02:31]} 8. e4
{[%clk 0:02:24]} dxe3 {[%clk 0:01:51]} 9. Bxe3 {[%clk 0:01:04]} Be6
{[%clk 0:01:53]} 10. Rd1 {[%clk 0:01:01]} Qa5+ {[%clk 0:01:31]} 11. Qc3
{[%clk 0:00:53]} Qxc3+ {[%clk 0:00:48]} 12. Nxc3 {[%clk 0:00:54]} Nf6
{[%clk 0:00:48]} 13. Nd4 {[%clk 0:00:37]} Nxd4 {[%clk 0:00:47]} 14. Bxd4
{[%clk 0:00:38]} Bb4 {[%clk 0:00:40]} 15. a3 {[%clk 0:00:36]} Bxc3+
{[%clk 0:00:37]} 16. Bxc3 {[%clk 0:00:37]} O-O {[%clk 0:00:38]} 17. f3
{[%clk 0:00:21]} Nd5 {[%clk 0:00:32]} 18. Bd2 {[%clk 0:00:13]} Rac8
{[%clk 0:00:30]} 19. Bd3 {[%clk 0:00:14]} Rfd8 {[%clk 0:00:27]} 20. Kf2
{[%clk 0:00:13]} Nf6 {[%clk 0:00:19]} 21. Bc3 {[%clk 0:00:09]} Nd5
{[%clk 0:00:17]} 22. Bd2 {[%clk 0:00:10]} Nf6 {[%clk 0:00:12]} 23. Bc3
{[%clk 0:00:11]} Bb3 {[%clk 0:00:13]} 24. Rd2 {[%clk 0:00:06]} Nd5
{[%clk 0:00:14]} 25. Bd4 {[%clk 0:00:04]} Nf4 {[%clk 0:00:11]} 26. Bb1
{[%clk 0:00:04]} Ne6 {[%clk 0:00:08]} 27. Be3 {[%clk 0:00:06]} Rxd2+
{[%clk 0:00:05]} 28. Bxd2 {[%clk 0:00:07]} Rd8 {[%clk 0:00:06]} 29. Be3
{[%clk 0:00:08]} Bd5 {[%clk 0:00:04]} 30. Rd1 {[%clk 0:00:07]} Bc6
{[%clk 0:00:05]} 31. Rxd8+ {[%clk 0:00:08]} Nxd8 {[%clk 0:00:06]} 32. Bb6
{[%clk 0:00:07]} Ne6 {[%clk 0:00:07]} 33. Ke3 {[%clk 0:00:08]} g6
{[%clk 0:00:05]} 34. h4 {[%clk 0:00:08]} f5 {[%clk 0:00:05]} 35. Ba2
{[%clk 0:00:09]} Kf7 {[%clk 0:00:07]} 36. Bxe6+ {[%clk 0:00:03]} Kxe6
{[%clk 0:00:07]} 37. Bd4 {[%clk 0:00:04]} Ke5 38. Ke4+ 1/2-1/2

[Event "Blitz 2018"]
[Site "Saint-Petersburg"]
[Date "2018.12.30"]
[Round "17"]
[Board "55"]
[White "Vokhidov Shamsiddin (UZB)"]
[Black "Timofeev Artyom (RUS)"]
[Result "1/2-1/2"]
[LiveChessVersion "1.4.8"]
[BlackElo "2568"]
[WhiteElo "2414"]

1. e4 {[%clk 0:03:03]} d6 {[%clk 0:03:03]} 2. d4 {[%clk 0:03:04]} Nf6
{[%clk 0:03:04]} 3. Nc3 {[%clk 0:03:06]} g6 {[%clk 0:03:05]} 4. Bg5
{[%clk 0:03:07]} Bg7 {[%clk 0:03:05]} 5. f4 {[%clk 0:03:08]} O-O {[%clk 0:02:46]}
6. Nf3 {[%clk 0:03:09]} c5 {[%clk 0:02:41]} 7. dxc5 {[%clk 0:03:08]} Qa5
{[%clk 0:02:41]} 8. Qd2 {[%clk 0:02:23]} Qxc5 {[%clk 0:02:37]} 9. O-O-O
{[%clk 0:02:21]} Nc6 {[%clk 0:02:34]} 10. Kb1 {[%clk 0:02:19]} b5
{[%clk 0:02:31]} 11. e5 {[%clk 0:02:02]} dxe5 {[%clk 0:02:13]} 12. fxe5
{[%clk 0:02:00]} Nxe5 {[%clk 0:02:14]} 13. Nxe5 {[%clk 0:01:57]} Qxe5
{[%clk 0:02:15]} 14. Bf4 {[%clk 0:01:58]} Qh5 {[%clk 0:02:02]} 15. Be2
{[%clk 0:01:59]} Bg4 {[%clk 0:02:03]} 16. Bxg4 {[%clk 0:01:49]} Qxg4
{[%clk 0:02:03]} 17. Nxb5 {[%clk 0:01:43]} Nd5 {[%clk 0:01:54]} 18. Qxd5
{[%clk 0:01:36]} Qxf4 {[%clk 0:01:55]} 19. Rhf1 {[%clk 0:01:37]} Qb8
{[%clk 0:01:28]} 20. c3 {[%clk 0:01:22]} e6 {[%clk 0:01:27]} 21. Qd3
{[%clk 0:01:23]} Qb6 {[%clk 0:01:18]} 22. Qe2 {[%clk 0:00:59]} Rab8
{[%clk 0:01:11]} 23. Nd4 {[%clk 0:00:59]} Rfc8 {[%clk 0:01:11]} 24. Ka1
{[%clk 0:00:58]} Rb7 {[%clk 0:00:54]} 25. Nb3 {[%clk 0:00:55]} a5
{[%clk 0:00:53]} 26. Rf4 {[%clk 0:00:50]} Ra7 {[%clk 0:00:43]} 27. Ra4
{[%clk 0:00:47]} h5 {[%clk 0:00:40]} 28. h3 {[%clk 0:00:47]} Kh7 {[%clk 0:00:38]}
29. Qe4 {[%clk 0:00:37]} Rac7 {[%clk 0:00:33]} 30. Kb1 {[%clk 0:00:32]} f5
{[%clk 0:00:26]} 31. Qe2 {[%clk 0:00:26]} e5 {[%clk 0:00:24]} 32. g4
{[%clk 0:00:27]} Qc6 {[%clk 0:00:16]} 33. Rxa5 {[%clk 0:00:28]} hxg4
{[%clk 0:00:14]} 34. hxg4 {[%clk 0:00:29]} f4 {[%clk 0:00:14]} 35. Rc5
{[%clk 0:00:28]} Qb7 {[%clk 0:00:12]} 36. Rxc7 {[%clk 0:00:27]} Rxc7
{[%clk 0:00:10]} 37. Qh2+ {[%clk 0:00:25]} Kg8 {[%clk 0:00:12]} 38. Rd8+
{[%clk 0:00:23]} Kf7 {[%clk 0:00:14]} 39. Qh7 {[%clk 0:00:16]} Qe4+
{[%clk 0:00:15]} 40. Kc1 {[%clk 0:00:15]} Qe1+ {[%clk 0:00:14]} 41. Kc2
{[%clk 0:00:14]} Qe4+ {[%clk 0:00:15]} 42. Kc1 {[%clk 0:00:14]} Qe1+
{[%clk 0:00:16]} 43. Kc2 {[%clk 0:00:14]} Qe4+ {[%clk 0:00:18]} 44. Kc1
{[%clk 0:00:13]} Qe1+ {[%clk 0:00:19]} 45. Kc2 {[%clk 0:00:11]} Qe4+ 1/2-1/2

[Event "Blitz 2018"]
[Site "Saint-Petersburg"]
[Date "2018.12.30"]
[Round "17"]
[Board "56"]
[White "Mikhalevski Victor (ISR)"]
[Black "Christiansen Johan-Sebastian (NOR)"]
[Result "1-0"]
[LiveChessVersion "1.4.8"]
[BlackElo "2635"]
[WhiteElo "2521"]

1. d4 {[%clk 0:03:03]} Nf6 {[%clk 0:03:04]} 2. Nf3 {[%clk 0:03:04]} d5
{[%clk 0:03:05]} 3. c4 {[%clk 0:03:05]} dxc4 {[%clk 0:03:06]} 4. e3
{[%clk 0:03:04]} b5 {[%clk 0:03:07]} 5. a4 b4 6. Bxc4 e6 7. O-O {[%clk 0:03:04]}
Be7 {[%clk 0:03:12]} 8. Qe2 {[%clk 0:03:02]} Bb7 {[%clk 0:03:13]} 9. Nbd2
{[%clk 0:03:03]} O-O {[%clk 0:03:14]} 10. b3 {[%clk 0:02:59]} Nbd7
{[%clk 0:03:14]} 11. Bb2 {[%clk 0:03:00]} c5 {[%clk 0:03:15]} 12. Ba6
{[%clk 0:02:51]} Qc8 {[%clk 0:02:55]} 13. Bxb7 {[%clk 0:02:51]} Qxb7
{[%clk 0:02:56]} 14. Nc4 {[%clk 0:02:46]} Rac8 {[%clk 0:02:51]} 15. Rfd1
{[%clk 0:02:40]} Ne4 {[%clk 0:02:32]} 16. Nfe5 {[%clk 0:02:34]} Ndf6
{[%clk 0:02:27]} 17. dxc5 {[%clk 0:02:08]} Bxc5 {[%clk 0:02:20]} 18. Rac1
{[%clk 0:02:04]} Nd5 {[%clk 0:01:46]} 19. Qf3 {[%clk 0:01:57]} Nec3
{[%clk 0:01:06]} 20. Bxc3 {[%clk 0:01:51]} bxc3 {[%clk 0:01:07]} 21. Rxc3
{[%clk 0:01:30]} f6 {[%clk 0:00:48]} 22. Nd3 {[%clk 0:01:31]} Be7
{[%clk 0:00:47]} 23. Nf4 {[%clk 0:01:28]} Rfd8 {[%clk 0:00:25]} 24. Rcd3
{[%clk 0:01:28]} Kf7 {[%clk 0:00:09]} 25. Qh5+ {[%clk 0:01:27]} Kg8
{[%clk 0:00:10]} 26. Nxe6 {[%clk 0:01:27]} Nf4 {[%clk 0:00:03]} 27. Rxd8+
{[%clk 0:01:18]} Rxd8 {[%clk 0:00:03]} 28. Rxd8+ {[%clk 0:01:19]} Bxd8
{[%clk 0:00:04]} 29. Qe8# {[%clk 0:01:20]} 1-0

[Event "Blitz 2018"]
[Site "Saint-Petersburg"]
[Date "2018.12.30"]
[Round "17"]
[Board "57"]
[White "Ragger Markus (AUT)"]
[Black "Geller Jakov (RUS)"]
[Result "1-0"]
[LiveChessVersion "1.4.8"]
[BlackElo "2528"]
[WhiteElo "2677"]

1. e4 {[%clk 0:03:04]} c5 {[%clk 0:03:03]} 2. Nf3 {[%clk 0:03:05]} e6
{[%clk 0:03:03]} 3. d4 {[%clk 0:03:05]} cxd4 {[%clk 0:03:04]} 4. Nxd4
{[%clk 0:03:06]} a6 {[%clk 0:03:05]} 5. c4 {[%clk 0:03:07]} Nf6 {[%clk 0:03:02]}
6. Nc3 {[%clk 0:03:08]} Qc7 {[%clk 0:03:02]} 7. Be2 {[%clk 0:03:09]} Be7
{[%clk 0:02:52]} 8. O-O {[%clk 0:03:09]} d6 {[%clk 0:02:52]} 9. Be3
{[%clk 0:03:09]} O-O {[%clk 0:02:52]} 10. f3 {[%clk 0:03:09]} b6 {[%clk 0:02:52]}
11. Qd2 {[%clk 0:03:09]} Bb7 {[%clk 0:02:53]} 12. Rfc1 {[%clk 0:03:10]} Nbd7
{[%clk 0:02:54]} 13. a4 {[%clk 0:03:10]} Rfe8 {[%clk 0:02:37]} 14. a5
{[%clk 0:03:04]} bxa5 {[%clk 0:02:29]} 15. Nb3 {[%clk 0:03:05]} Rab8
{[%clk 0:02:28]} 16. Nxa5 {[%clk 0:03:06]} Ba8 {[%clk 0:02:29]} 17. b4
{[%clk 0:02:41]} d5 {[%clk 0:01:54]} 18. c5 {[%clk 0:02:20]} dxe4
{[%clk 0:01:54]} 19. fxe4 {[%clk 0:02:11]} Nxe4 {[%clk 0:01:15]} 20. Nxe4
{[%clk 0:02:09]} Bxe4 {[%clk 0:01:16]} 21. Bxa6 {[%clk 0:02:01]} Red8
{[%clk 0:01:15]} 22. Qe1 {[%clk 0:01:57]} Bf6 {[%clk 0:00:57]} 23. Ra2
{[%clk 0:01:51]} Ne5 {[%clk 0:00:18]} 24. Bf4 {[%clk 0:01:48]} Rd4
{[%clk 0:00:18]} 25. Nc4 {[%clk 0:01:37]} Rxb4 {[%clk 0:00:15]} 26. Qxb4
{[%clk 0:01:31]} Nf3+ {[%clk 0:00:15]} 27. gxf3 {[%clk 0:01:29]} Qxf4
{[%clk 0:00:16]} 28. Rf1 {[%clk 0:00:59]} Qg5+ {[%clk 0:00:17]} 29. Rg2
{[%clk 0:00:59]} Rxc4 {[%clk 0:00:05]} 30. Qb8+ {[%clk 0:00:56]} 1-0

[Event "Blitz 2018"]
[Site "Saint-Petersburg"]
[Date "2018.12.30"]
[Round "17"]
[Board "59"]
[White "Vishnu Prasanna. V (IND)"]
[Black "Zvjaginsev Vadim (RUS)"]
[Result "1-0"]
[LiveChessVersion "1.4.8"]
[BlackElo "2649"]
[WhiteElo "2519"]

1. Nf3 {[%clk 0:03:02]} Nf6 {[%clk 0:03:02]} 2. d4 {[%clk 0:03:03]} g6
{[%clk 0:03:02]} 3. Nc3 {[%clk 0:02:58]} d5 {[%clk 0:02:59]} 4. Bf4
{[%clk 0:02:58]} Bg7 {[%clk 0:02:55]} 5. e3 {[%clk 0:02:54]} c6 {[%clk 0:02:51]}
6. h4 {[%clk 0:02:45]} Bg4 {[%clk 0:02:48]} 7. Be2 {[%clk 0:02:45]} Nbd7
{[%clk 0:02:34]} 8. Ne5 {[%clk 0:02:45]} Bxe2 {[%clk 0:02:33]} 9. Qxe2
{[%clk 0:02:45]} h5 {[%clk 0:02:26]} 10. O-O-O {[%clk 0:02:41]} e6
{[%clk 0:02:24]} 11. Kb1 {[%clk 0:02:38]} a5 {[%clk 0:02:17]} 12. f3
{[%clk 0:02:37]} a4 {[%clk 0:02:14]} 13. a3 {[%clk 0:02:26]} Qa5 {[%clk 0:01:43]}
14. g4 {[%clk 0:02:17]} Qa6 {[%clk 0:01:42]} 15. Qg2 {[%clk 0:02:03]} Nb6
{[%clk 0:01:31]} 16. gxh5 {[%clk 0:01:38]} Nxh5 {[%clk 0:01:23]} 17. Nxg6
{[%clk 0:01:20]} Nc4 {[%clk 0:01:05]} 18. Rd3 {[%clk 0:00:58]} Nxf4
{[%clk 0:00:41]} 19. Nxf4 {[%clk 0:00:47]} Bh6 {[%clk 0:00:40]} 20. Qg4
{[%clk 0:00:36]} O-O-O {[%clk 0:00:38]} 21. Rg1 {[%clk 0:00:32]} Kb8
{[%clk 0:00:33]} 22. Qg3 {[%clk 0:00:23]} Qa5 {[%clk 0:00:31]} 23. Nfxd5+
{[%clk 0:00:11]} Ka7 {[%clk 0:00:32]} 24. Nb4 {[%clk 0:00:08]} Bxe3
{[%clk 0:00:28]} 25. Rgd1 {[%clk 0:00:09]} Rd7 {[%clk 0:00:24]} 26. Qe1
{[%clk 0:00:09]} Bf4 {[%clk 0:00:22]} 27. Ne4 {[%clk 0:00:08]} Rhd8
{[%clk 0:00:21]} 28. Qc3 {[%clk 0:00:08]} Qb5 {[%clk 0:00:21]} 29. Nc5
{[%clk 0:00:09]} Rd6 {[%clk 0:00:19]} 30. Nxa4 {[%clk 0:00:09]} Nd2+
{[%clk 0:00:17]} 31. R3xd2 {[%clk 0:00:05]} Bxd2 {[%clk 0:00:17]} 32. Rxd2
{[%clk 0:00:06]} Qxa4 {[%clk 0:00:18]} 33. h5 {[%clk 0:00:06]} Qb5
{[%clk 0:00:19]} 34. Rh2 {[%clk 0:00:05]} Rxd4 {[%clk 0:00:18]} 35. h6
{[%clk 0:00:06]} Qc4 {[%clk 0:00:18]} 36. Qe3 {[%clk 0:00:06]} c5
{[%clk 0:00:17]} 37. Nd3 {[%clk 0:00:05]} Rxd3 {[%clk 0:00:11]} 38. cxd3
{[%clk 0:00:06]} Rxd3 {[%clk 0:00:12]} 39. Qc1 {[%clk 0:00:04]} Qd5
{[%clk 0:00:08]} 40. h7 {[%clk 0:00:03]} Qf5 {[%clk 0:00:08]} 41. Ka1
{[%clk 0:00:04]} Rxf3 {[%clk 0:00:08]} 42. h8=Q {[%clk 0:00:04]} Rf1
{[%clk 0:00:09]} 43. Qhc3 {[%clk 0:00:05]} 1-0

[Event "Blitz 2018"]
[Site "Saint-Petersburg"]
[Date "2018.12.30"]
[Round "17"]
[Board "60"]
[White "Belozerov Andrei (RUS)"]
[Black "Alekseev Evgeny (RUS)"]
[Result "1/2-1/2"]
[LiveChessVersion "1.4.8"]
[BlackElo "2634"]
[WhiteElo "2518"]

1. e4 {[%clk 0:03:02]} c5 {[%clk 0:03:03]} 2. Nf3 {[%clk 0:03:03]} e6
{[%clk 0:03:04]} 3. g3 {[%clk 0:03:04]} Nc6 {[%clk 0:03:04]} 4. Bg2
{[%clk 0:03:05]} Nf6 {[%clk 0:03:04]} 5. Qe2 {[%clk 0:03:05]} e5 {[%clk 0:02:59]}
6. O-O {[%clk 0:03:05]} Be7 {[%clk 0:03:00]} 7. c3 {[%clk 0:03:00]} O-O
{[%clk 0:02:59]} 8. Rd1 {[%clk 0:03:00]} Re8 {[%clk 0:02:23]} 9. d3
{[%clk 0:02:45]} h6 {[%clk 0:02:17]} 10. Na3 {[%clk 0:02:42]} Bf8
{[%clk 0:02:11]} 11. Nc4 {[%clk 0:02:36]} d6 {[%clk 0:02:11]} 12. a4
{[%clk 0:02:34]} g6 {[%clk 0:02:04]} 13. Nfd2 {[%clk 0:02:17]} Bg4
{[%clk 0:01:56]} 14. Bf3 {[%clk 0:02:16]} Be6 {[%clk 0:01:56]} 15. Nf1
{[%clk 0:02:11]} Bg7 {[%clk 0:01:48]} 16. Nfe3 {[%clk 0:02:06]} d5
{[%clk 0:01:43]} 17. exd5 {[%clk 0:02:00]} Nxd5 {[%clk 0:01:44]} 18. Ng4
{[%clk 0:01:18]} h5 {[%clk 0:01:34]} 19. Ngxe5 {[%clk 0:00:59]} Nxe5
{[%clk 0:01:31]} 20. Nxe5 {[%clk 0:01:00]} Bg4 {[%clk 0:00:10]} 21. d4
{[%clk 0:00:45]} cxd4 {[%clk 0:00:10]} 22. cxd4 {[%clk 0:00:42]} f6
{[%clk 0:00:08]} 23. Qc4 {[%clk 0:00:31]} Be6 {[%clk 0:00:07]} 24. Nxg6
{[%clk 0:00:25]} Ne3 {[%clk 0:00:08]} 25. Qe2 {[%clk 0:00:15]} Nxd1
{[%clk 0:00:09]} 26. Qxd1 {[%clk 0:00:16]} Bf7 {[%clk 0:00:09]} 27. Nf4
{[%clk 0:00:16]} h4 {[%clk 0:00:10]} 28. Be3 {[%clk 0:00:17]} Qd7
{[%clk 0:00:11]} 29. a5 {[%clk 0:00:17]} Rad8 {[%clk 0:00:12]} 30. Qa4
{[%clk 0:00:14]} f5 {[%clk 0:00:12]} 31. a6 {[%clk 0:00:14]} Qxa4
{[%clk 0:00:12]} 32. Rxa4 {[%clk 0:00:15]} b6 {[%clk 0:00:13]} 33. Kg2
{[%clk 0:00:13]} Re7 {[%clk 0:00:13]} 34. gxh4 {[%clk 0:00:14]} Bf6
{[%clk 0:00:13]} 35. h5 {[%clk 0:00:14]} Kh7 {[%clk 0:00:14]} 36. Ra3
{[%clk 0:00:13]} Rc7 {[%clk 0:00:14]} 37. Rd3 {[%clk 0:00:09]} Rcd7
{[%clk 0:00:15]} 38. Ne2 {[%clk 0:00:09]} Rg8+ {[%clk 0:00:16]} 39. Kf1
{[%clk 0:00:11]} Rc8 {[%clk 0:00:17]} 40. Rc3 {[%clk 0:00:11]} Rcd8
{[%clk 0:00:17]} 41. Rc6 {[%clk 0:00:11]} Bg7 {[%clk 0:00:15]} 42. h6
{[%clk 0:00:11]} Bh8 {[%clk 0:00:16]} 43. Bg2 {[%clk 0:00:10]} Bd5
{[%clk 0:00:15]} 44. Bxd5 {[%clk 0:00:11]} Rxd5 {[%clk 0:00:17]} 45. Nc3
{[%clk 0:00:11]} R5d6 {[%clk 0:00:17]} 46. Rc7+ {[%clk 0:00:12]} R6d7
{[%clk 0:00:18]} 47. Rc6 {[%clk 0:00:13]} Bxd4 {[%clk 0:00:18]} 48. Bxd4
{[%clk 0:00:13]} Rxd4 {[%clk 0:00:20]} 49. Nb5 {[%clk 0:00:14]} R4d7
{[%clk 0:00:20]} 50. Ke2 {[%clk 0:00:15]} Re8+ {[%clk 0:00:20]} 51. Kf3
{[%clk 0:00:16]} Re5 {[%clk 0:00:21]} 52. Nc3 {[%clk 0:00:17]} Rc5
{[%clk 0:00:20]} 53. Re6 {[%clk 0:00:18]} Ra5 {[%clk 0:00:20]} 54. Kf4
{[%clk 0:00:19]} Rd4+ {[%clk 0:00:19]} 55. Kg5 {[%clk 0:00:19]} Rd7
{[%clk 0:00:20]} 56. h4 {[%clk 0:00:19]} Rxa6 {[%clk 0:00:21]} 57. Kxf5
{[%clk 0:00:16]} Rf7+ {[%clk 0:00:22]} 58. Ke5 {[%clk 0:00:17]} Ra5+
{[%clk 0:00:23]} 59. Kd6 {[%clk 0:00:19]} Rxf2 {[%clk 0:00:19]} 60. Ne4
{[%clk 0:00:20]} Rf8 {[%clk 0:00:17]} 61. Ng5+ {[%clk 0:00:21]} Kh8
{[%clk 0:00:17]} 62. Re7 {[%clk 0:00:20]} Rf6+ {[%clk 0:00:18]} 63. Kd7
{[%clk 0:00:20]} Rxh6 {[%clk 0:00:17]} 64. Nf7+ {[%clk 0:00:21]} Kg7
{[%clk 0:00:18]} 65. Nxh6+ {[%clk 0:00:22]} Kxh6 {[%clk 0:00:19]} 66. Kc6
{[%clk 0:00:21]} Kh5 {[%clk 0:00:20]} 67. Rh7+ {[%clk 0:00:22]} Kg4
{[%clk 0:00:21]} 68. b4 {[%clk 0:00:23]} Ra4 {[%clk 0:00:21]} 69. b5
{[%clk 0:00:24]} a6 {[%clk 0:00:18]} 70. bxa6 {[%clk 0:00:25]} Rxa6
{[%clk 0:00:20]} 71. Kb5 {[%clk 0:00:25]} 1/2-1/2

[Event "Blitz 2018"]
[Site "Saint-Petersburg"]
[Date "2018.12.30"]
[Round "17"]
[Board "61"]
[White "Pantsulaia Levan (GEO)"]
[Black "Salgado Lopez Ivan (ESP)"]
[Result "0-1"]
[LiveChessVersion "1.4.8"]
[BlackElo "2513"]
[WhiteElo "2584"]

1. Nf3 {[%clk 0:03:03]} d6 {[%clk 0:03:02]} 2. g3 {[%clk 0:03:03]} e5
{[%clk 0:03:02]} 3. Bg2 {[%clk 0:03:04]} Nc6 {[%clk 0:03:00]} 4. c4
{[%clk 0:03:04]} g6 {[%clk 0:02:59]} 5. Nc3 {[%clk 0:03:04]} Bg7 {[%clk 0:03:00]}
6. Rb1 {[%clk 0:03:00]} Be6 {[%clk 0:02:59]} 7. d3 {[%clk 0:02:59]} h6
{[%clk 0:02:57]} 8. b4 {[%clk 0:02:57]} Qd7 {[%clk 0:02:57]} 9. b5
{[%clk 0:02:55]} Nd8 {[%clk 0:02:57]} 10. a4 {[%clk 0:02:50]} Ne7
{[%clk 0:02:55]} 11. O-O {[%clk 0:02:41]} O-O {[%clk 0:02:54]} 12. e4
{[%clk 0:02:42]} f5 {[%clk 0:02:42]} 13. Ba3 {[%clk 0:02:42]} f4 {[%clk 0:02:38]}
14. Nd5 {[%clk 0:02:25]} g5 {[%clk 0:02:32]} 15. Nd2 {[%clk 0:02:26]} g4
{[%clk 0:02:17]} 16. Re1 {[%clk 0:02:27]} f3 {[%clk 0:02:13]} 17. Bf1
{[%clk 0:02:27]} h5 {[%clk 0:02:11]} 18. d4 {[%clk 0:01:48]} h4 {[%clk 0:02:00]}
19. c5 {[%clk 0:01:35]} hxg3 {[%clk 0:01:55]} 20. hxg3 {[%clk 0:01:35]} exd4
{[%clk 0:01:39]} 21. Nxe7+ {[%clk 0:01:30]} Qxe7 {[%clk 0:01:38]} 22. cxd6
{[%clk 0:01:31]} cxd6 {[%clk 0:01:37]} 23. e5 {[%clk 0:01:29]} Qg5
{[%clk 0:01:22]} 24. Ne4 {[%clk 0:01:12]} Qh5 {[%clk 0:01:19]} 25. Bxd6
{[%clk 0:00:59]} Rf5 {[%clk 0:00:57]} 26. Qxd4 {[%clk 0:00:25]} Nf7
{[%clk 0:00:58]} 27. Nc5 {[%clk 0:00:10]} Ng5 {[%clk 0:00:46]} 28. Qd3
{[%clk 0:00:08]} Bf7 {[%clk 0:00:39]} 29. Qxf5 {[%clk 0:00:07]} Nh3+
{[%clk 0:00:40]} 30. Bxh3 {[%clk 0:00:08]} Qxf5 {[%clk 0:00:41]} 31. Bf1
{[%clk 0:00:09]} Qh5 {[%clk 0:00:42]} 32. e6 {[%clk 0:00:08]} Bg6
{[%clk 0:00:43]} 33. Rb4 {[%clk 0:00:09]} Bc3 {[%clk 0:00:42]} 34. Rbe4
{[%clk 0:00:07]} Bxe1 {[%clk 0:00:39]} 35. Rxe1 {[%clk 0:00:08]} Qd5
{[%clk 0:00:39]} 36. Be7 {[%clk 0:00:07]} Re8 {[%clk 0:00:40]} 37. Nd7
{[%clk 0:00:08]} Qd2 {[%clk 0:00:35]} 38. Nf6+ {[%clk 0:00:08]} Kh8
{[%clk 0:00:36]} 39. Nxe8 {[%clk 0:00:08]} Qxe1 {[%clk 0:00:37]} 40. Bf6+
{[%clk 0:00:09]} Kh7 {[%clk 0:00:37]} 41. Nc7 {[%clk 0:00:08]} Bd3
{[%clk 0:00:38]} 0-1

[Event "Blitz 2018"]
[Site "Saint-Petersburg"]
[Date "2018.12.30"]
[Round "17"]
[Board "62"]
[White "Gareyev Timur (USA)"]
[Black "Zubritskiy Artyom (RUS)"]
[Result "1-0"]
[LiveChessVersion "1.4.8"]
[BlackElo "2513"]
[WhiteElo "2577"]

1. d4 {[%clk 0:03:01]} d5 {[%clk 0:03:01]} 2. Bf4 {[%clk 0:02:55]} Nf6
{[%clk 0:03:02]} 3. e3 {[%clk 0:02:56]} c5 {[%clk 0:03:03]} 4. dxc5
{[%clk 0:02:57]} Nc6 {[%clk 0:02:33]} 5. Bb5 {[%clk 0:02:58]} a6 {[%clk 0:02:22]}
6. Bxc6+ {[%clk 0:02:58]} bxc6 {[%clk 0:02:24]} 7. Nc3 {[%clk 0:02:56]} Nd7
{[%clk 0:01:37]} 8. Nf3 {[%clk 0:02:15]} Nxc5 {[%clk 0:01:37]} 9. Ne5
{[%clk 0:01:55]} Qb6 {[%clk 0:01:31]} 10. Nxd5 {[%clk 0:01:31]} cxd5
{[%clk 0:01:16]} 11. Qxd5 {[%clk 0:01:31]} Ra7 {[%clk 0:00:46]} 12. Qxf7+
{[%clk 0:01:25]} Kd8 {[%clk 0:00:47]} 13. O-O-O+ {[%clk 0:01:23]} Bd7
{[%clk 0:00:49]} 14. b4 {[%clk 0:00:56]} Kc8 {[%clk 0:00:10]} 15. bxc5
{[%clk 0:00:55]} Qxc5 {[%clk 0:00:11]} 16. Qb3 {[%clk 0:00:30]} e6
{[%clk 0:00:05]} 17. Nxd7 {[%clk 0:00:10]} Qa3+ {[%clk 0:00:05]} 18. Kb1
{[%clk 0:00:10]} Qxb3+ {[%clk 0:00:06]} 19. cxb3 {[%clk 0:00:10]} Rxd7
{[%clk 0:00:07]} 20. Rc1+ {[%clk 0:00:09]} Kb7 {[%clk 0:00:08]} 21. Rhd1
{[%clk 0:00:10]} Rxd1 {[%clk 0:00:08]} 22. Rxd1 {[%clk 0:00:11]} Kc8
{[%clk 0:00:08]} 23. Rc1+ {[%clk 0:00:12]} Kb7 {[%clk 0:00:08]} 24. Rc7+
{[%clk 0:00:12]} Kb6 {[%clk 0:00:10]} 25. Rf7 {[%clk 0:00:12]} Ba3
{[%clk 0:00:09]} 26. Be5 {[%clk 0:00:11]} Rc8 {[%clk 0:00:05]} 27. Bd4+
{[%clk 0:00:11]} Ka5 {[%clk 0:00:03]} 28. Bb2 {[%clk 0:00:11]} Bb4
{[%clk 0:00:03]} 29. a3 {[%clk 0:00:09]} Be1 {[%clk 0:00:04]} 30. Bxg7
{[%clk 0:00:08]} Rg8 {[%clk 0:00:04]} 31. g4 {[%clk 0:00:08]} Kb5
{[%clk 0:00:05]} 32. h4 {[%clk 0:00:08]} Bxf2 {[%clk 0:00:05]} 33. a4+
{[%clk 0:00:09]} Kc6 {[%clk 0:00:07]} 34. Rxf2 {[%clk 0:00:09]} Rxg7
{[%clk 0:00:08]} 35. g5 {[%clk 0:00:10]} Kd5 {[%clk 0:00:09]} 36. Rf4
{[%clk 0:00:11]} e5 {[%clk 0:00:09]} 37. Rc4 {[%clk 0:00:11]} Rf7
{[%clk 0:00:10]} 38. e4+ {[%clk 0:00:11]} Kd6 {[%clk 0:00:12]} 39. Rb4
{[%clk 0:00:12]} Rf4 {[%clk 0:00:11]} 40. Rb6+ {[%clk 0:00:13]} Kc5
{[%clk 0:00:13]} 41. Rh6 {[%clk 0:00:12]} Kb4 {[%clk 0:00:13]} 42. Rxh7
{[%clk 0:00:11]} Kxb3 {[%clk 0:00:13]} 43. Rb7+ {[%clk 0:00:12]} Kc3
{[%clk 0:00:14]} 44. h5 {[%clk 0:00:09]} Rxe4 {[%clk 0:00:08]} 45. Rc7+
{[%clk 0:00:10]} Kb3 {[%clk 0:00:09]} 46. g6 {[%clk 0:00:11]} Rg4
{[%clk 0:00:10]} 47. Kc1 {[%clk 0:00:09]} Rg2 {[%clk 0:00:09]} 48. g7
{[%clk 0:00:08]} e4 {[%clk 0:00:10]} 49. h6 {[%clk 0:00:09]} e3 {[%clk 0:00:11]}
50. Kd1 {[%clk 0:00:08]} Kxa4 {[%clk 0:00:04]} 51. h7 {[%clk 0:00:08]} 1-0